Land vs. Land #116 - Statistiken

Allgemein
  • Dieses Quiz wurde 11 mal gespielt
  • Das Durchschnittsergebnis liegt bei 13 aus 14
Antwortstatistiken
Frage Antwort % Korrekt
...Fläche? Luxemburg🇱🇺
100%
...Einwohner? Luxemburg🇱🇺
100%
...Bruttoinlandsprodukt? Luxemburg🇱🇺
100%
...Bruttoinlandsprodukt pro Kopf? Luxemburg🇱🇺
100%
...HDI (Human Development Index)? Luxemburg🇱🇺
100%
...Gesundheitswesen? Luxemburg🇱🇺
100%
...Lebenserwartung? Luxemburg🇱🇺
100%
...Exportmengen? Luxemburg🇱🇺
100%
...Gewinner? Luxemburg🇱🇺
100%
...Militär? Luxemburg🇱🇺
90%
...durchschnittlicher IQ? Luxemburg🇱🇺
90%
...Tourismus? Luxemburg🇱🇺
80%
...Frieden? Luxemburg🇱🇺
80%
...Happy Planet Index? St. Lucia🇱🇨
10%
Keine übereinstimmenden Quizze gefunden
Verteilung der Resultate
Anzahl Personen mit jedem Resultat
Perzentil nach korrekt beantworteten Fragen
Ihre Resultats-Entwicklung
Sie haben dieses Quiz noch nicht gespielt